000 00749nam a2200253Ia 4500
008 160803s9999 xx 000 0 und d
020 _a9780439785099
100 _aJenkins, Steve
245 _aHottest, coldest, highest, deepest /
245 _cSteve Jenkins.
260 _aNew York :
260 _bScholastic Inc.
260 _c1998
300 _a1 volume (unpaged) :
300 _bcolor illustrations, color maps ;
300 _c21 x 26 cm
500 _a"This edition is only available for distribution through the school market"--Page 2 of cover.
650 _aGeography --
650 _aGeography -- Miscellanea --
650 _aGeography.
650 _xJuvenile literature.
650 _xMiscellanea.
700 _a920
999 _c298334
_d298334